Hudba pramenů

Hlavní autor: Foerster, Josef Bohuslav, 1859-1951
Korporativní autor: Mladí brněnští symfonikové - Symfonický orchestr ZUŠ města Brna
Další autoři: Dostál-Lutinov, Karel, 1871-1923, Sládek, Josef Václav, 1845-1912, Foerster, Josef Bohuslav, 1859-1951., Foerster, Josef Bohuslav, 1859-1951., Foerster, Josef Bohuslav, 1859-1951., Foerster, Josef Bohuslav, 1859-1951., Curylo, Václav, Mátl, Lubomír, 1941-2020, Tardonová, Gabriela, Pěvecké sdružení moravských učitelů
Jazyk: Čeština
Vydáno: Brno : Sdružení příznivců a přátel amatérského orchestru "Mladí brněnští symfonikové - Symfonický orchestr ZUŠ města Brna" ve spolupráci se Základní uměleckou školou PhDr. Zdeňka Mrkose, Brno, Došlíkova 48, 2007
Témata:
Fyzický popis: 1 zvuková deska (61:50) : digital ; 12 cm
Zvukové nahrávky
Uloženo v:
LEADER 02887njm a2200565 a 4500
001 001390820
003 CZ BrMZK
005 20210524144616.0
007 sd fsngnnmmned
008 140528s2007 xr munng def cze d
040 |a BOA001  |b cze 
045 |a y0y0 
048 |b cc01 
048 |b vd01  |a cc01  |a oa01 
048 |a oa01 
072 7 |a 784  |x Vokální hudba  |2 Konspekt  |9 9 
080 |a 78.087.683  |2 MRF 
080 |a 78.082.1  |2 MRF 
080 |a 783  |2 MRF 
080 |a (086.76)  |2 MRF 
100 1 |a Foerster, Josef Bohuslav,  |d 1859-1951  |7 jk01031482  |4 cmp 
245 1 0 |a Hudba pramenů  |h [zvukový záznam] /  |c Josef Bohuslav Foerster ; Otokar Březina ; František Bílek 
260 |a Brno :  |b Sdružení příznivců a přátel amatérského orchestru "Mladí brněnští symfonikové - Symfonický orchestr ZUŠ města Brna" ve spolupráci se Základní uměleckou školou PhDr. Zdeňka Mrkose, Brno, Došlíkova 48,  |c 2007 
300 |a 1 zvuková deska (61:50) :  |b digital ;  |c 12 cm 
306 |a 010150 
500 |a Kompaktní deska 
500 |a Název z pouzdra 
500 |a Texty skladeb v pouzdře 
505 0 0 |t Devět mužských sborů op. 37  |g (výběr).  |t Oráč ;  |t Z osudu rukou --  |t Svatý Václav, op. 86 --  |t Píseň bratra slunce, op. 173 --  |t Symfonie č. 4 c moll, op. 54 Velká noc.  |t Křížová cesta ;  |t Velký pátek dítěte ;  |t Kouzlo samoty ;  |t Vítězství Bílé soboty 
511 0 |a Václav Curylo, baryton, Mladí brněnští symfonikové - Symfonický orchestr ZUŠ města Brna ; Pěvecké sdružení moravských učitelů, dirigenti Lubomír Mátl, Gabriela Tardonová 
518 |a Nahráno na koncertu v Katedrále sv. Petra a Pavla v Brně 21. dubna 2007 
648 4 |a 2007 
650 0 7 |a mužské sbory  |7 ph260644  |2 czenas 
650 0 4 |a mužské sbory (zpěv, mužský sbor, symfonický orchestr) 
650 0 7 |a symfonie  |7 ph126358  |2 czenas 
700 1 |a Dostál-Lutinov, Karel,  |d 1871-1923  |7 jk01022828  |4 lyr 
700 1 |a Sládek, Josef Václav,  |d 1845-1912  |7 jk01111743  |4 lyr 
700 1 2 |a Foerster, Josef Bohuslav,  |d 1859-1951.  |t Sbory,  |m mužské hlasy,  |n op. 37.  |k Výběr  |7 aun2013778787 
700 1 2 |a Foerster, Josef Bohuslav,  |d 1859-1951.  |t Svatý Václav  |7 aun2010556439 
700 1 2 |a Foerster, Josef Bohuslav,  |d 1859-1951.  |t Píseň bratra Slunce 
700 1 2 |a Foerster, Josef Bohuslav,  |d 1859-1951.  |t Symfonie,  |n č. 4, op. 54,  |r c moll 
700 1 |a Curylo, Václav  |4 sng 
700 1 |a Mátl, Lubomír,  |d 1941-2020  |7 jn19990209537  |4 cnd 
700 1 |a Tardonová, Gabriela  |7 mzk2005269800  |4 cnd 
710 2 |a Mladí brněnští symfonikové - Symfonický orchestr ZUŠ města Brna 
710 2 |a Pěvecké sdružení moravských učitelů  |7 ko2004260166 
910 |a BOA001  |b CDR-1326.078 
990 |a AV 
991 |b 201405  |g g 
996 6 |b 2610592800  |c CDR-1326.078  |l MZK  |r Sklad / do 24 hodin  |n 1  |p p.v.  |w 001425807  |u 000010  |a 1  |e BOA001  |j MZK50  |s P